<?xml version="1.0" encoding="UTF-8"?>
<collection xmlns="http://www.loc.gov/MARC21/slim">
 <record>
  <leader>02136nam a2200253Ia 4500</leader>
  <controlfield tag="001">CTU_237906</controlfield>
  <controlfield tag="008">210402s9999    xx            000 0 und d</controlfield>
  <datafield tag="082" ind1=" " ind2=" ">
   <subfield code="a">338.16</subfield>
  </datafield>
  <datafield tag="082" ind1=" " ind2=" ">
   <subfield code="b">T558</subfield>
  </datafield>
  <datafield tag="088" ind1=" " ind2=" ">
   <subfield code="a">8620118</subfield>
  </datafield>
  <datafield tag="100" ind1=" " ind2=" ">
   <subfield code="a">Nguyễn, Thị Lan Tươi</subfield>
  </datafield>
  <datafield tag="245" ind1=" " ind2="0">
   <subfield code="a">Đánh giá nguồn lực và chuyển dịch của lao động nông nghiệp tại xã Phú Quới, huyện Long Hồ, tỉnh Vĩnh Long :</subfield>
  </datafield>
  <datafield tag="245" ind1=" " ind2="0">
   <subfield code="b">Luận văn tốt nghiệp Cao học. Ngành Hệ thống Nông nghiệp</subfield>
  </datafield>
  <datafield tag="245" ind1=" " ind2="0">
   <subfield code="c">Nguyễn Thị Lan Tươi ; Nguyễn Duy Cần (Cán bộ hướng dẫn)</subfield>
  </datafield>
  <datafield tag="260" ind1=" " ind2=" ">
   <subfield code="a">Cần Thơ</subfield>
  </datafield>
  <datafield tag="260" ind1=" " ind2=" ">
   <subfield code="b">Trường Đại học Cần Thơ</subfield>
  </datafield>
  <datafield tag="260" ind1=" " ind2=" ">
   <subfield code="c">2020</subfield>
  </datafield>
  <datafield tag="520" ind1=" " ind2=" ">
   <subfield code="a">Luận văn “Đánh giá nguồn lực và chuyển dịch của lao động nông nghiệp tại xã Phú Quới, huyện Long Hồ, tỉnh Vĩnh Long” đã được nghiên cứu dựa trên những tài liệu thứ cấp thu thập từ Chi cục thống kê huyện Long Hồ, Niên giám thống kê tỉnh Vĩnh Long và kết quả khảo sát 240 nông hộ trên địa bàn xã Phú Quới. Kết quả nghiên cứu cho thấy: Chuyển dịch cơ cấu lao động nông nghiệp trên địa bàn xã Phú Quới diễn ra với tốc độ nhanh và đồng loạt. Đa phần lao động dịch chuyển từ nông nghiệp sang phi nông nghiệp là lao động trẻ, đã qua đào tạo nghề nông thôn, có kinh nghiệm trong sản xuất nông nghiệp, có khả năng tiếp cận nhanh TBKHKT, có khả năng tham gia vào các dây truyền sản xuất các công ty tại Khu công nghiệp, các dịch vụ khác trên địa bàn.</subfield>
  </datafield>
  <datafield tag="650" ind1=" " ind2=" ">
   <subfield code="a">Nông nghiệp,Agriculture</subfield>
  </datafield>
  <datafield tag="650" ind1=" " ind2=" ">
   <subfield code="x">Khía cạnh kinh tế,Economic aspects</subfield>
  </datafield>
  <datafield tag="904" ind1=" " ind2=" ">
   <subfield code="i">Tuyến</subfield>
  </datafield>
  <datafield tag="910" ind1=" " ind2=" ">
   <subfield code="b">tvtrong</subfield>
  </datafield>
  <datafield tag="910" ind1=" " ind2=" ">
   <subfield code="c">tvtrong,tvtrong</subfield>
  </datafield>
  <datafield tag="980" ind1=" " ind2=" ">
   <subfield code="a">Trung tâm Học liệu Trường Đại học Cần Thơ</subfield>
  </datafield>
 </record>
</collection>
